Thinking for decisions : deductive quantitative methods /

Bibliographic Details
Main Author: Churchman, C. West (Charles West), 1913-2004
Other Authors: Auerbach, Leonard, Sadan, Simcha
Format: Book
Language:English
Published: Chicago : SRA, [1975]
Subjects:

MARC

Tag First Indicator Second Indicator Subfields
LEADER 00000pam a2200000 i 4500
001 in00000067720
005 20151008050813.0
008 750114s1975 caua 00110 eng
010 |a  74034494  
020 |a 057418225X :  |c $13.95 
035 |a (OCoLC)01176109 
035 |9 AAG3468AM 
040 |a DLC  |c DLC  |d TXA  |d UtOrBLW 
049 |a TXAM  |c [1159639] 
050 0 0 |a HD69.D4  |b C49 
082 0 |a 658.4/033 
100 1 |a Churchman, C. West  |q (Charles West),  |d 1913-2004. 
245 1 0 |a Thinking for decisions :  |b deductive quantitative methods /  |c C. West Churchman, Leonard Auerbach, Simcha Sadan. 
264 1 |a Chicago :  |b SRA,  |c [1975] 
264 4 |c ©1975 
300 |a xiii, 445 pages :  |b illustrations ;  |c 24 cm. 
336 |a text  |b txt  |2 rdacontent 
337 |a unmediated  |b n  |2 rdamedia 
338 |a volume  |b nc  |2 rdacarrier 
500 |a Includes indexes. 
650 0 |a Decision making  |x Mathematical models. 
700 1 |a Auerbach, Leonard. 
700 1 |a Sadan, Simcha. 
999 |a MARS 
999 f f |s bcaa5605-29f5-3bcd-b1ff-cfe19fc64154  |i e00dd59d-eb04-3980-8853-af288af6a5f0  |t 0 
952 f f |p ric  |a Texas A&M University  |b Rellis Campus  |c Joint Library Facility  |d Remote Storage  |t 0  |e HD69.D4 C49  |h Library of Congress classification  |i unmediated -- volume  |m A14802634195 
998 f f |a HD69.D4 C49  |t 0  |l Remote Storage